Loading...

Mysticism in the Bhagavad-Gita /

Bibliografiske detaljer
Hovedforfatter: Sircar, Mahendranath
Format: Printed Book
Sprog:English
Udgivet: New Delhi : Classical Publications, 1977.
Fag:
LEADER 00717cam a2200193 i 4500
008 880127r19771929ii b 000 0 eng
082 |a 294.5/42 
100 1 |a Sircar, Mahendranath  
245 1 0 |a Mysticism in the Bhagavad-Gita /  |c by M. N. Sircar. 
260 |a New Delhi :  |b Classical Publications,  |c 1977. 
300 |a xiii, 229 p. ;  |c 19 cm. 
500 |a Reprint of the 1929 ed. published by Longmans, Green, Calcutta. 
504 |a Includes bibliographical references. 
630 0 0 |a Bhagavadgītā. 
650 0 |a Mysticism. 
900 |a AUTH 
942 |c BK 
999 |c 277319  |d 277319 
952 |0 0  |1 0  |2 ddc  |4 0  |6 294_500000000000000_42_SIR_M  |7 0  |9 311908  |a PHL  |b PHL  |c ST1  |d 2016-02-25  |i 819  |l 0  |o 294.5/42 SIR/M  |p PHL819  |r 2016-02-25  |y BK